Представление документа в формате RUSMARC

ПолеНазваниеЗначение
  Тип записи a
  Библиографический уровень m
001 Контрольный номер admiBOOK00020107
005 Дата корректировки 20140508173756.6
010 Индекс ISBN __
a ISBN 978-5-16-003489-8
d Цена 229,90
100 Данные общей обработки __
a Данные общей обработки 19020129 |||y0 y0189 ca
101 Язык документа __
a Язык текста rus
105 Кодированные данные (монография) __
a Кодированные данные (монография) zy
200 Заглавие и сведения об ответственности 0_
a Заглавие История экономики
e Сведения, относящиеся к заглавию Учебник
f Первые сведения об ответственности Под общ. ред. О.Д.Кузнецовой, И.Н.Шапкина
205 Сведения об издании __
a Основные сведения об издании 2-е изд., испр. и доп.
b Дополнительные сведения об издании Гриф МО РФ
210 Выходные данные __
a Место издания М
c Издательство ИНФРА-М
d Дата издания 2013
215 Физическое описание __
a Объем 416с.
225 Серия __
a Серия Высшее образование
606 Тематические рубрики __
a Основная рубрика История экономики
x Основная подрубрика История экономической мысли
x Основная подрубрика Всемирная история
610 Ключевые слова __
a Ключевые слова История экономики
a Ключевые слова Доиндустриальная экономика
a Ключевые слова Первобытное хозяйство
a Ключевые слова Античное хозяйство
a Ключевые слова Экономическое развитие стран Древнего Востока
a Ключевые слова Феодальная экономика
a Ключевые слова Феодальные системы
a Ключевые слова Индустриальная экономика
a Ключевые слова Возрождение
a Ключевые слова Реформация
a Ключевые слова Великие географические открытия
a Ключевые слова Промышленный капитализм
a Ключевые слова Экономика России
a Ключевые слова Становление регулируемого капитализма
a Ключевые слова Капитализм
a Ключевые слова Постиндустриальное общество
675 Индекс УДК __
a Индекс УДК 330.342(075.8)
686 Индексы других классификаций __
a Классификационный индекс 65.03
a Классификационный индекс 65.02
a Классификационный индекс 63.3(0)
852 Данные о местонахождении __
c Местонахождение стеллажа 65.03
c Местонахождение стеллажа 65.02
c Местонахождение стеллажа 63.3(0)
j Шифр хранения 65.03
852 Данные о местонахождении __
b Сигла хранения ЧЗ_1
t Номер экземпляра 1
i Авторский знак И90
p Инвентарный номер 149311
901 Тип документа __
t Тип документа m
911 __
u 952a=Учебник
u 952p=2401
938 Служебная информация __
a Название организации Саранский филиал
b Имя БД OUTPUT.MRC_Саранск
c Название АИБС АИБС Библиотека